000 01051cam a2200205 4500
001 L130083
008 050621n2005 000 0 eng u
035 _a(Sirsi) u130083
041 _aeng
110 _aCharity Commission for England and Wales
_93722
245 4 _aThe essential trustee
_bwhat you need to know
260 _c2005
300 _a40p.
490 _aCharity Commission Publication
_v3
520 _aProvides guidance from the Charity Commission for all who serve as trustees or directors on the governing body of a charity or who are about to take up trustee responsibilities. Covers: the charity framework in brief; trustee duties at a glance; trustees and their responsibilities; compliance; the duties of prudence and care; what to do if things go wrong and; further information and advice.
590 _aIKA040705
690 _aMANAGEMENT-BUSINESS MANAGEMENT
856 _uhttps://www.ihbc.org.uk/recent_papers/docs/Charity_Commission.pdf
_zView the guidance free of charge at www.charitycommission.gov.uk...
942 _n0
999 _c104339
_d104339